[Event "DEM U14 2025"]
[Site "Willingen GER"]
[Date "2025.06.13"]
[Round "8"]
[White "Ratushnyi, Viktor"]
[Black "Sydykov, Bayastan"]
[Result "1/2-1/2"]
[Termination "normal"]
[Board "4"]
[BlackTitle "FM"]
[WhiteElo "2057"]
[BlackElo "2301"]
[WhiteClock "00:14:11"]
[BlackClock "00:14:54"]
[PlyCount "85"]
[WhiteFideId "34167293"]
[BlackFideId "13829610"]
[EventCountry "GER"]
[EventRounds "9"]
[EventType "swiss"]
[EventDate "2025.06.07"]

1. e4 {[%clk 01:30:57]} {[%emt 00:00:02]} e6 {[%clk 01:30:48]} {[%emt
00:00:13]} 2. d4 {[%clk 01:31:21]} {[%emt 00:00:06]} d5 {[%clk 01:31:15]}
{[%emt 00:00:04]} 3. exd5 {[%clk 01:31:41]} {[%emt 00:00:09]} exd5 {[%clk
01:31:31]} {[%emt 00:00:14]} 4. Nf3 {[%clk 01:32:04]} {[%emt 00:00:06]} Nc6
{[%clk 01:30:47]} {[%emt 00:01:15]} 5. Bd3 {[%clk 01:32:15]} {[%emt 00:00:19]}
Nb4 {[%clk 01:30:13]} {[%emt 00:01:05]} 6. Bb5+ {[%clk 01:32:30]} {[%emt
00:00:14]} c6 {[%clk 01:29:46]} {[%emt 00:00:57]} 7. Ba4 {[%clk 01:32:23]}
{[%emt 00:00:37]} Bd6 {[%clk 01:26:06]} {[%emt 00:04:10]} 8. c3 {[%clk
01:31:20]} {[%emt 00:01:32]} Na6 {[%clk 01:26:11]} {[%emt 00:00:27]} 9. O-O
{[%clk 01:30:31]} {[%emt 00:01:17]} Ne7 {[%clk 01:23:46]} {[%emt 00:02:56]} 10.
Bg5 {[%clk 01:29:39]} {[%emt 00:01:21]} f6 {[%clk 01:18:46]} {[%emt 00:05:31]}
11. Bh4 {[%clk 01:29:44]} {[%emt 00:00:24]} Bg4 {[%clk 01:16:45]} {[%emt
00:02:31]} 12. Re1 {[%clk 01:23:58]} {[%emt 00:06:16]} Qd7 {[%clk 01:09:24]}
{[%emt 00:07:53]} 13. Bg3 {[%clk 01:15:04]} {[%emt 00:09:22]} Bxg3 {[%clk
01:04:20]} {[%emt 00:05:34]} 14. fxg3 {[%clk 01:04:07]} {[%emt 00:11:27]} O-O
{[%clk 00:39:50]} {[%emt 00:25:01]} 15. Nbd2 {[%clk 01:00:29]} {[%emt
00:04:08]} Nc7 {[%clk 00:38:46]} {[%emt 00:01:34]} 16. Nf1 {[%clk 00:57:24]}
{[%emt 00:03:34]} Rae8 {[%clk 00:32:57]} {[%emt 00:06:19]} 17. Ne3 {[%clk
00:56:02]} {[%emt 00:01:52]} Be6 {[%clk 00:31:51]} {[%emt 00:01:37]} 18. Bc2
{[%clk 00:51:19]} {[%emt 00:05:12]} Nb5 {[%clk 00:29:55]} {[%emt 00:02:26]} 19.
a4 {[%clk 00:45:39]} {[%emt 00:06:11]} Nd6 {[%clk 00:30:00]} {[%emt 00:00:24]}
20. Qb1 {[%clk 00:31:01]} {[%emt 00:15:08]} g6 {[%clk 00:29:13]} {[%emt
00:01:17]} 21. Bd3 {[%clk 00:28:04]} {[%emt 00:03:26]} Nec8 {[%clk 00:23:24]}
{[%emt 00:06:20]} 22. Qc2 {[%clk 00:23:56]} {[%emt 00:04:38]} Qg7 {[%clk
00:15:39]} {[%emt 00:08:16]} 23. Nd2 {[%clk 00:22:01]} {[%emt 00:02:24]} Re7
{[%clk 00:14:09]} {[%emt 00:02:01]} 24. Re2 {[%clk 00:20:49]} {[%emt 00:01:41]}
Rfe8 {[%clk 00:12:31]} {[%emt 00:02:09]} 25. Rae1 {[%clk 00:20:53]} {[%emt
00:00:25]} f5 {[%clk 00:12:00]} {[%emt 00:01:01]} 26. Nf3 {[%clk 00:20:00]}
{[%emt 00:01:23]} Ne4 {[%clk 00:10:54]} {[%emt 00:01:37]} 27. Bxe4 {[%clk
00:14:49]} {[%emt 00:05:40]} dxe4 {[%clk 00:05:32]} {[%emt 00:05:53]} 28. Ne5
{[%clk 00:15:06]} {[%emt 00:00:12]} Nd6 {[%clk 00:03:33]} {[%emt 00:02:30]} 29.
Rf2 {[%clk 00:10:03]} {[%emt 00:05:32]} Rf8 {[%clk 00:03:12]} {[%emt 00:00:52]}
30. Ref1 {[%clk 00:09:05]} {[%emt 00:01:27]} Nf7 {[%clk 00:02:25]} {[%emt
00:01:18]} 31. Nxf7 {[%clk 00:09:02]} {[%emt 00:00:32]} Rexf7 {[%clk 00:02:48]}
{[%emt 00:00:08]} 32. Qd2 {[%clk 00:06:20]} {[%emt 00:03:12]} g5 {[%clk
00:01:23]} {[%emt 00:01:55]} 33. d5 {[%clk 00:06:08]} {[%emt 00:00:41]} cxd5
{[%clk 00:01:03]} {[%emt 00:00:50]} 34. Nxd5 {[%clk 00:06:34]} {[%emt
00:00:04]} h6 {[%clk 00:00:36]} {[%emt 00:00:57]} 35. c4 {[%clk 00:04:32]}
{[%emt 00:02:32]} Qe5 {[%clk 00:00:38]} {[%emt 00:00:28]} 36. Re2 {[%clk
00:01:59]} {[%emt 00:03:04]} f4 {[%clk 00:00:32]} {[%emt 00:00:36]} 37. gxf4
{[%clk 00:02:11]} {[%emt 00:00:17]} gxf4 {[%clk 00:01:01]} {[%emt 00:00:02]}
38. Qc2 {[%clk 00:01:48]} {[%emt 00:00:52]} Bxd5 {[%clk 00:00:38]} {[%emt
00:00:54]} 39. cxd5 {[%clk 00:02:12]} {[%emt 00:00:05]} Re8 {[%clk 00:00:35]}
{[%emt 00:00:34]} 40. d6 {[%clk 00:01:09]} {[%emt 00:01:33]} Kg7 {[%clk
00:00:32]} {[%emt 00:00:33]} 41. Rd1 {[%clk 00:25:56]} {[%emt 00:05:42]} Rd7
{[%clk 00:26:07]} {[%emt 00:04:55]} 42. Qc4 {[%clk 00:20:57]} {[%emt 00:05:29]}
e3 {[%clk 00:14:54]} {[%emt 00:11:43]} 43. g3 {[%clk 00:14:11]} {[%emt
00:07:15]} 1/2-1/2

[Event "DEM U14 2025"]
[Site "Willingen GER"]
[Date "2025.06.13"]
[Round "8"]
[White "Herrmann, Arthur"]
[Black "Bundan, Edward"]
[Result "1-0"]
[Termination "normal"]
[Board "5"]
[WhiteElo "2089"]
[BlackElo "2038"]
[WhiteClock "00:03:59"]
[BlackClock "00:23:32"]
[PlyCount "71"]
[WhiteFideId "16287150"]
[BlackFideId "34603042"]
[EventCountry "GER"]
[EventRounds "9"]
[EventType "swiss"]
[EventDate "2025.06.07"]

1. e4 {[%clk 01:30:56]} {[%emt 00:00:03]} c5 {[%clk 01:30:55]} {[%emt
00:00:05]} 2. Nf3 {[%clk 01:31:22]} {[%emt 00:00:04]} Nc6 {[%clk 01:31:19]}
{[%emt 00:00:06]} 3. d4 {[%clk 01:31:47]} {[%emt 00:00:05]} cxd4 {[%clk
01:31:45]} {[%emt 00:00:05]} 4. Nxd4 {[%clk 01:32:13]} {[%emt 00:00:03]} Nf6
{[%clk 01:32:07]} {[%emt 00:00:08]} 5. Nc3 {[%clk 01:32:36]} {[%emt 00:00:07]}
e5 {[%clk 01:32:32]} {[%emt 00:00:05]} 6. Ndb5 {[%clk 01:32:59]} {[%emt
00:00:08]} d6 {[%clk 01:32:55]} {[%emt 00:00:06]} 7. Bg5 {[%clk 01:33:23]}
{[%emt 00:00:05]} a6 {[%clk 01:33:19]} {[%emt 00:00:07]} 8. Na3 {[%clk
01:33:50]} {[%emt 00:00:03]} b5 {[%clk 01:33:42]} {[%emt 00:00:08]} 9. Bxf6
{[%clk 01:34:08]} {[%emt 00:00:11]} gxf6 {[%clk 01:34:00]} {[%emt 00:00:12]}
10. Nd5 {[%clk 01:34:13]} {[%emt 00:00:25]} f5 {[%clk 01:33:52]} {[%emt
00:00:38]} 11. Bd3 {[%clk 01:33:49]} {[%emt 00:00:54]} Be6 {[%clk 01:32:30]}
{[%emt 00:01:52]} 12. O-O {[%clk 01:33:51]} {[%emt 00:00:29]} Bg7 {[%clk
01:31:28]} {[%emt 00:01:31]} 13. Qh5 {[%clk 01:32:58]} {[%emt 00:01:23]} f4
{[%clk 01:22:20]} {[%emt 00:09:38]} 14. c4 {[%clk 01:32:18]} {[%emt 00:01:10]}
b4 {[%clk 01:22:16]} {[%emt 00:00:34]} 15. Nc2 {[%clk 01:30:36]} {[%emt
00:02:12]} a5 {[%clk 01:20:27]} {[%emt 00:02:19]} 16. g3 {[%clk 01:19:51]}
{[%emt 00:11:15]} Bxd5 {[%clk 01:08:22]} {[%emt 00:12:34]} 17. exd5 {[%clk
01:16:31]} {[%emt 00:03:51]} Ne7 {[%clk 01:07:57]} {[%emt 00:00:55]} 18. Rae1
{[%clk 00:49:48]} {[%emt 00:27:13]} Ng6 {[%clk 01:02:49]} {[%emt 00:05:38]} 19.
Nd4 {[%clk 00:45:03]} {[%emt 00:05:16]} O-O {[%clk 00:59:29]} {[%emt 00:03:48]}
20. Nf5 {[%clk 00:43:20]} {[%emt 00:02:13]} Ra7 {[%clk 00:54:05]} {[%emt
00:05:55]} 21. h4 {[%clk 00:37:57]} {[%emt 00:05:53]} Qf6 {[%clk 00:48:00]}
{[%emt 00:06:33]} 22. Be4 {[%clk 00:20:33]} {[%emt 00:17:56]} Rc7 {[%clk
00:45:24]} {[%emt 00:03:06]} 23. Rc1 {[%clk 00:19:58]} {[%emt 00:01:05]} Rfc8
{[%clk 00:43:06]} {[%emt 00:02:47]} 24. b3 {[%clk 00:19:55]} {[%emt 00:00:34]}
a4 {[%clk 00:40:51]} {[%emt 00:02:45]} 25. Rfd1 {[%clk 00:18:11]} {[%emt
00:02:13]} h6 {[%clk 00:32:40]} {[%emt 00:08:41]} 26. g4 {[%clk 00:10:21]}
{[%emt 00:08:21]} axb3 {[%clk 00:31:02]} {[%emt 00:02:08]} 27. axb3 {[%clk
00:10:29]} {[%emt 00:00:21]} Ra8 {[%clk 00:29:13]} {[%emt 00:02:20]} 28. c5
{[%clk 00:05:38]} {[%emt 00:05:21]} Rxc5 {[%clk 00:28:59]} {[%emt 00:00:44]}
29. Rxc5 {[%clk 00:06:02]} {[%emt 00:00:05]} dxc5 {[%clk 00:29:19]} {[%emt
00:00:10]} 30. d6 {[%clk 00:06:05]} {[%emt 00:00:28]} Rb8 {[%clk 00:29:28]}
{[%emt 00:00:21]} 31. g5 {[%clk 00:04:49]} {[%emt 00:01:46]} hxg5 {[%clk
00:29:25]} {[%emt 00:00:33]} 32. hxg5 {[%clk 00:05:15]} {[%emt 00:00:04]} Qd8
{[%clk 00:24:08]} {[%emt 00:05:47]} 33. Bd5 {[%clk 00:05:08]} {[%emt 00:00:37]}
Nh8 {[%clk 00:23:16]} {[%emt 00:01:22]} 34. Nxg7 {[%clk 00:03:22]} {[%emt
00:02:15]} Kxg7 {[%clk 00:23:33]} {[%emt 00:00:14]} 35. Qh6+ {[%clk 00:03:49]}
{[%emt 00:00:03]} Kg8 {[%clk 00:23:32]} {[%emt 00:00:30]} 36. g6 {[%clk
00:03:59]} {[%emt 00:00:21]} 1-0

[Event "DEM U14 2025"]
[Site "Willingen GER"]
[Date "2025.06.13"]
[Round "8"]
[White "Dodul, Arthur"]
[Black "Shevchenko, Igor"]
[Result "1-0"]
[Termination "normal"]
[Board "6"]
[WhiteElo "1926"]
[BlackElo "1882"]
[WhiteClock "00:45:19"]
[BlackClock "00:00:46"]
[PlyCount "77"]
[WhiteFideId "34609016"]
[BlackFideId "34634924"]
[EventCountry "GER"]
[EventRounds "9"]
[EventType "swiss"]
[EventDate "2025.06.07"]

1. e4 {[%clk 01:30:56]} {[%emt 00:00:03]} c6 {[%clk 01:30:48]} {[%emt
00:00:13]} 2. c4 {[%clk 01:31:20]} {[%emt 00:00:07]} d5 {[%clk 01:30:43]}
{[%emt 00:00:35]} 3. exd5 {[%clk 01:31:45]} {[%emt 00:00:05]} cxd5 {[%clk
01:31:07]} {[%emt 00:00:06]} 4. cxd5 {[%clk 01:32:07]} {[%emt 00:00:07]} Nf6
{[%clk 01:30:43]} {[%emt 00:00:54]} 5. Nc3 {[%clk 01:32:28]} {[%emt 00:00:09]}
g6 {[%clk 01:24:32]} {[%emt 00:06:42]} 6. Bc4 {[%clk 01:27:10]} {[%emt
00:05:48]} Bg7 {[%clk 01:22:05]} {[%emt 00:02:56]} 7. Nf3 {[%clk 01:25:38]}
{[%emt 00:02:02]} O-O {[%clk 01:20:37]} {[%emt 00:01:58]} 8. O-O {[%clk
01:24:48]} {[%emt 00:01:20]} Nbd7 {[%clk 01:19:24]} {[%emt 00:01:43]} 9. d6
{[%clk 01:21:58]} {[%emt 00:03:20]} exd6 {[%clk 01:18:21]} {[%emt 00:01:34]}
10. d4 {[%clk 01:20:31]} {[%emt 00:01:56]} Nb6 {[%clk 00:59:27]} {[%emt
00:19:24]} 11. Bb3 {[%clk 01:20:12]} {[%emt 00:00:50]} Bf5 {[%clk 00:53:40]}
{[%emt 00:06:16]} 12. Bg5 {[%clk 01:18:51]} {[%emt 00:01:51]} h6 {[%clk
00:46:57]} {[%emt 00:07:13]} 13. Bf4 {[%clk 01:16:54]} {[%emt 00:02:26]} g5
{[%clk 00:34:06]} {[%emt 00:13:22]} 14. Bg3 {[%clk 01:11:07]} {[%emt 00:06:16]}
Nh5 {[%clk 00:29:41]} {[%emt 00:04:56]} 15. Nh4 {[%clk 00:58:41]} {[%emt
00:12:55]} gxh4 {[%clk 00:16:43]} {[%emt 00:13:29]} 16. Qxh5 {[%clk 00:59:00]}
{[%emt 00:00:11]} hxg3 {[%clk 00:16:32]} {[%emt 00:00:42]} 17. Qxf5 {[%clk
00:59:20]} {[%emt 00:00:09]} Qg5 {[%clk 00:14:27]} {[%emt 00:02:35]} 18. fxg3
{[%clk 00:57:30]} {[%emt 00:02:20]} Bxd4+ {[%clk 00:11:59]} {[%emt 00:02:59]}
19. Kh1 {[%clk 00:57:56]} {[%emt 00:00:03]} Qxf5 {[%clk 00:12:08]} {[%emt
00:00:22]} 20. Rxf5 {[%clk 00:58:19]} {[%emt 00:00:07]} Kg7 {[%clk 00:11:27]}
{[%emt 00:01:11]} 21. Raf1 {[%clk 00:58:01]} {[%emt 00:00:47]} f6 {[%clk
00:11:45]} {[%emt 00:00:12]} 22. Nb5 {[%clk 00:58:07]} {[%emt 00:00:24]} Bxb2
{[%clk 00:08:32]} {[%emt 00:03:44]} 23. Nc7 {[%clk 00:58:25]} {[%emt 00:00:12]}
Be5 {[%clk 00:07:16]} {[%emt 00:01:45]} 24. Nxa8 {[%clk 00:56:44]} {[%emt
00:02:11]} Rxa8 {[%clk 00:07:32]} {[%emt 00:00:14]} 25. g4 {[%clk 00:56:40]}
{[%emt 00:00:33]} Rc8 {[%clk 00:07:10]} {[%emt 00:00:53]} 26. h4 {[%clk
00:54:48]} {[%emt 00:02:22]} a5 {[%clk 00:06:25]} {[%emt 00:01:16]} 27. Rb1
{[%clk 00:51:05]} {[%emt 00:04:12]} Nc4 {[%clk 00:01:43]} {[%emt 00:05:12]} 28.
Bxc4 {[%clk 00:49:18]} {[%emt 00:02:17]} Rxc4 {[%clk 00:02:09]} {[%emt
00:00:04]} 29. Rxb7+ {[%clk 00:49:09]} {[%emt 00:00:39]} Kg8 {[%clk 00:02:31]}
{[%emt 00:00:08]} 30. Rf1 {[%clk 00:48:02]} {[%emt 00:01:36]} Rxg4 {[%clk
00:02:53]} {[%emt 00:00:10]} 31. g3 {[%clk 00:47:43]} {[%emt 00:00:47]} Rc4
{[%clk 00:00:36]} {[%emt 00:02:48]} 32. Rd7 {[%clk 00:46:31]} {[%emt 00:01:42]}
Rc5 {[%clk 00:00:32]} {[%emt 00:00:34]} 33. Rb1 {[%clk 00:46:24]} {[%emt
00:00:37]} d5 {[%clk 00:01:01]} {[%emt 00:00:02]} 34. Kg2 {[%clk 00:46:19]}
{[%emt 00:00:33]} h5 {[%clk 00:01:06]} {[%emt 00:00:26]} 35. Rbb7 {[%clk
00:45:09]} {[%emt 00:01:40]} Rc2+ {[%clk 00:00:59]} {[%emt 00:00:37]} 36. Kf1
{[%clk 00:44:51]} {[%emt 00:00:46]} Rc1+ {[%clk 00:00:49]} {[%emt 00:00:42]}
37. Ke2 {[%clk 00:45:10]} {[%emt 00:00:10]} Rc2+ {[%clk 00:00:35]} {[%emt
00:00:45]} 38. Kd1 {[%clk 00:45:27]} {[%emt 00:00:12]} Rxa2 {[%clk 00:00:46]}
{[%emt 00:00:20]} 39. Rd8# {[%clk 00:45:19]} {[%emt 00:00:07]} 1-0

[Event "DEM U14 2025"]
[Site "Willingen GER"]
[Date "2025.06.13"]
[Round "8"]
[White "Hempel, Lorenz"]
[Black "Nguyen, Thanh An"]
[Result "0-1"]
[Termination "normal"]
[Board "7"]
[WhiteElo "2007"]
[BlackElo "2041"]
[WhiteClock "00:33:58"]
[BlackClock "00:13:25"]
[PlyCount "64"]
[WhiteFideId "34627413"]
[BlackFideId "34627804"]
[EventCountry "GER"]
[EventRounds "9"]
[EventType "swiss"]
[EventDate "2025.06.07"]

1. e4 {[%clk 01:30:58]} {[%emt 00:00:01]} e6 {[%clk 01:30:57]} {[%emt
00:00:04]} 2. d4 {[%clk 01:31:19]} {[%emt 00:00:09]} d5 {[%clk 01:31:23]}
{[%emt 00:00:03]} 3. Nd2 {[%clk 01:31:45]} {[%emt 00:00:04]} Nf6 {[%clk
01:31:51]} {[%emt 00:00:03]} 4. e5 {[%clk 01:31:59]} {[%emt 00:00:16]} Nfd7
{[%clk 01:32:11]} {[%emt 00:00:09]} 5. c3 {[%clk 01:32:19]} {[%emt 00:00:10]}
c5 {[%clk 01:32:38]} {[%emt 00:00:04]} 6. Bd3 {[%clk 01:32:36]} {[%emt
00:00:13]} Nc6 {[%clk 01:32:22]} {[%emt 00:00:46]} 7. Ngf3 {[%emt 00:02:57]}
cxd4 {[%clk 01:30:57]} {[%emt 00:00:01]} 8. cxd4 {[%clk 01:32:30]} {[%emt
00:00:03]} f6 {[%clk 01:31:21]} {[%emt 00:00:05]} 9. O-O {[%clk 01:17:12]}
{[%emt 00:15:48]} fxe5 {[%clk 01:19:40]} {[%emt 00:12:11]} 10. Nxe5 {[%clk
01:17:34]} {[%emt 00:00:08]} Ndxe5 {[%clk 01:17:20]} {[%emt 00:02:51]} 11. dxe5
{[%clk 01:17:56]} {[%emt 00:00:07]} Nxe5 {[%clk 01:14:03]} {[%emt 00:03:47]}
12. Qh5+ {[%clk 01:13:22]} {[%emt 00:05:03]} Nf7 {[%clk 01:13:51]} {[%emt
00:00:43]} 13. Re1 {[%clk 01:13:44]} {[%emt 00:00:08]} g6 {[%clk 01:12:28]}
{[%emt 00:01:53]} 14. Bb5+ {[%clk 01:12:58]} {[%emt 00:01:16]} Ke7 {[%clk
01:07:33]} {[%emt 00:05:25]} 15. Qh4+ {[%clk 01:12:38]} {[%emt 00:00:50]} g5
{[%clk 01:04:51]} {[%emt 00:03:12]} 16. Qd4 {[%clk 01:09:51]} {[%emt 00:03:17]}
Rg8 {[%clk 01:02:38]} {[%emt 00:02:44]} 17. b3 {[%clk 01:06:16]} {[%emt
00:04:05]} Qd6 {[%clk 00:56:15]} {[%emt 00:06:52]} 18. a4 {[%clk 00:59:53]}
{[%emt 00:06:53]} Bg7 {[%clk 00:56:23]} {[%emt 00:00:22]} 19. Qxg7 {[%clk
00:54:07]} {[%emt 00:06:16]} Rxg7 {[%clk 00:56:35]} {[%emt 00:00:18]} 20. Ba3
{[%clk 00:54:30]} {[%emt 00:00:07]} a6 {[%clk 00:50:45]} {[%emt 00:06:20]} 21.
Bxd6+ {[%clk 00:52:20]} {[%emt 00:02:41]} Kxd6 {[%clk 00:47:56]} {[%emt
00:03:18]} 22. Bd3 {[%clk 00:52:42]} {[%emt 00:00:07]} Ne5 {[%clk 00:46:22]}
{[%emt 00:02:05]} 23. Bc2 {[%clk 00:51:52]} {[%emt 00:01:20]} Rc7 {[%clk
00:43:18]} {[%emt 00:03:34]} 24. Re2 {[%clk 00:45:32]} {[%emt 00:06:50]} Rxc2
{[%clk 00:41:45]} {[%emt 00:02:03]} 25. Ne4+ {[%clk 00:45:57]} {[%emt
00:00:05]} dxe4 {[%clk 00:42:12]} {[%emt 00:00:04]} 26. Rxc2 {[%clk 00:44:01]}
{[%emt 00:02:26]} Nc6 {[%clk 00:30:51]} {[%emt 00:11:50]} 27. Rd1+ {[%clk
00:42:06]} {[%emt 00:02:25]} Kc7 {[%clk 00:24:52]} {[%emt 00:06:28]} 28. Rc4
{[%clk 00:39:38]} {[%emt 00:02:59]} e5 {[%clk 00:23:55]} {[%emt 00:01:27]} 29.
h4 {[%clk 00:38:18]} {[%emt 00:01:50]} Be6 {[%clk 00:16:58]} {[%emt 00:07:27]}
30. Rxe4 {[%clk 00:36:43]} {[%emt 00:02:05]} Bxb3 {[%clk 00:17:14]} {[%emt
00:00:14]} 31. Rc1 {[%clk 00:37:09]} {[%emt 00:00:05]} Kd6 {[%clk 00:13:07]}
{[%emt 00:04:36]} 32. Rb4 {[%clk 00:33:58]} {[%emt 00:03:41]} Nxb4 {[%clk
00:13:25]} {[%emt 00:00:11]} 0-1

[Event "DEM U14 2025"]
[Site "Willingen GER"]
[Date "2025.06.13"]
[Round "8"]
[White "Böhler, Yannic"]
[Black "Mandalka, Justus"]
[Result "1-0"]
[Termination "normal"]
[Board "8"]
[WhiteElo "1711"]
[BlackElo "2076"]
[WhiteClock "00:05:57"]
[BlackClock "00:29:54"]
[PlyCount "115"]
[WhiteFideId "34609059"]
[BlackFideId "16298144"]
[EventCountry "GER"]
[EventRounds "9"]
[EventType "swiss"]
[EventDate "2025.06.07"]

1. c4 {[%clk 01:30:59]} {[%emt 00:00:01]} e5 {[%clk 01:30:48]} {[%emt
00:00:12]} 2. g3 {[%clk 01:31:28]} {[%emt 00:00:01]} Nc6 {[%clk 01:30:50]}
{[%emt 00:00:28]} 3. Nc3 {[%clk 01:31:50]} {[%emt 00:00:08]} g6 {[%clk
01:30:53]} {[%emt 00:00:27]} 4. Bg2 {[%clk 01:32:18]} {[%emt 00:00:02]} Bg7
{[%clk 01:31:16]} {[%emt 00:00:07]} 5. e3 {[%clk 01:32:39]} {[%emt 00:00:09]}
Nge7 {[%clk 01:31:19]} {[%emt 00:00:27]} 6. Nge2 {[%clk 01:33:06]} {[%emt
00:00:03]} f5 {[%clk 01:31:02]} {[%emt 00:00:47]} 7. O-O {[%clk 01:33:13]}
{[%emt 00:00:22]} O-O {[%clk 01:31:13]} {[%emt 00:00:19]} 8. f4 {[%clk
01:32:48]} {[%emt 00:00:56]} d6 {[%clk 01:28:19]} {[%emt 00:03:25]} 9. Rb1
{[%clk 01:30:03]} {[%emt 00:03:14]} Be6 {[%clk 01:27:28]} {[%emt 00:01:21]} 10.
Nd5 {[%clk 01:28:42]} {[%emt 00:01:51]} e4 {[%clk 01:26:05]} {[%emt 00:01:54]}
11. Nxe7+ {[%clk 01:23:01]} {[%emt 00:06:10]} Qxe7 {[%clk 01:26:18]} {[%emt
00:00:17]} 12. d3 {[%clk 01:23:16]} {[%emt 00:00:15]} Kh8 {[%clk 01:24:28]}
{[%emt 00:02:20]} 13. dxe4 {[%clk 01:17:42]} {[%emt 00:06:04]} Bxc4 {[%clk
01:23:24]} {[%emt 00:01:34]} 14. exf5 {[%clk 01:15:15]} {[%emt 00:02:57]} gxf5
{[%clk 01:21:43]} {[%emt 00:02:11]} 15. b3 {[%clk 01:11:24]} {[%emt 00:04:21]}
Be6 {[%clk 01:18:27]} {[%emt 00:03:46]} 16. Bb2 {[%clk 00:56:27]} {[%emt
00:15:26]} Rae8 {[%clk 01:16:30]} {[%emt 00:02:27]} 17. Bxg7+ {[%clk 00:52:26]}
{[%emt 00:04:32]} Qxg7 {[%clk 01:16:58]} {[%emt 00:00:01]} 18. Qd2 {[%clk
00:47:13]} {[%emt 00:05:43]} Bd7 {[%clk 01:15:03]} {[%emt 00:02:25]} 19. Nc3
{[%clk 00:46:03]} {[%emt 00:01:40]} Nd8 {[%clk 01:13:32]} {[%emt 00:02:02]} 20.
e4 {[%clk 00:45:00]} {[%emt 00:01:32]} fxe4 {[%clk 01:12:10]} {[%emt 00:01:52]}
21. Nxe4 {[%clk 00:40:58]} {[%emt 00:04:32]} Bf5 {[%clk 01:07:28]} {[%emt
00:05:12]} 22. Rbe1 {[%clk 00:41:18]} {[%emt 00:00:10]} Ne6 {[%clk 00:58:38]}
{[%emt 00:09:20]} 23. Nf2 {[%clk 00:31:42]} {[%emt 00:10:05]} Nd4 {[%clk
00:51:53]} {[%emt 00:07:16]} 24. g4 {[%clk 00:27:08]} {[%emt 00:05:03]} c5
{[%clk 00:48:05]} {[%emt 00:04:19]} 25. Qd1 {[%clk 00:26:11]} {[%emt 00:01:26]}
Bd7 {[%clk 00:42:29]} {[%emt 00:06:07]} 26. f5 {[%clk 00:21:19]} {[%emt
00:05:22]} h5 {[%clk 00:33:30]} {[%emt 00:09:29]} 27. h3 {[%clk 00:17:17]}
{[%emt 00:04:31]} Bb5 {[%clk 00:32:57]} {[%emt 00:01:03]} 28. Rxe8 {[%clk
00:05:47]} {[%emt 00:12:00]} Rxe8 {[%clk 00:33:22]} {[%emt 00:00:06]} 29. Re1
{[%clk 00:05:12]} {[%emt 00:01:04]} Ne2+ {[%clk 00:33:44]} {[%emt 00:00:08]}
30. Rxe2 {[%clk 00:04:29]} {[%emt 00:01:14]} Bxe2 {[%clk 00:31:22]} {[%emt
00:02:52]} 31. Qxd6 {[%clk 00:03:30]} {[%emt 00:01:28]} hxg4 {[%clk 00:28:29]}
{[%emt 00:03:24]} 32. hxg4 {[%clk 00:02:39]} {[%emt 00:01:20]} Bxg4 {[%clk
00:25:49]} {[%emt 00:03:11]} 33. Qh2+ {[%clk 00:02:36]} {[%emt 00:00:32]} Kg8
{[%clk 00:22:01]} {[%emt 00:04:19]} 34. Bd5+ {[%clk 00:02:58]} {[%emt
00:00:08]} Kf8 {[%clk 00:21:09]} {[%emt 00:01:22]} 35. Qd6+ {[%clk 00:03:11]}
{[%emt 00:00:17]} Qe7 {[%clk 00:21:19]} {[%emt 00:00:19]} 36. Qh6+ {[%clk
00:03:21]} {[%emt 00:00:20]} Qg7 {[%clk 00:21:47]} {[%emt 00:00:03]} 37. Qd6+
{[%clk 00:03:45]} {[%emt 00:00:05]} Qe7 {[%clk 00:22:08]} {[%emt 00:00:09]} 38.
Qxe7+ {[%clk 00:02:30]} {[%emt 00:01:45]} Rxe7 {[%clk 00:22:00]} {[%emt
00:00:38]} 39. Nxg4 {[%clk 00:02:58]} {[%emt 00:00:02]} Rd7 {[%clk 00:20:43]}
{[%emt 00:01:47]} 40. Ne3 {[%clk 00:01:16]} {[%emt 00:02:12]} Ke7 {[%clk
00:20:29]} {[%emt 00:00:45]} 41. Kf2 {[%clk 00:27:42]} {[%emt 00:04:03]} Kf6
{[%clk 00:49:48]} {[%emt 00:01:12]} 42. a4 {[%clk 00:23:42]} {[%emt 00:04:29]}
Ke5 {[%clk 00:48:29]} {[%emt 00:01:49]} 43. Kf3 {[%clk 00:18:55]} {[%emt
00:05:18]} b6 {[%clk 00:48:44]} {[%emt 00:00:15]} 44. Be4 {[%clk 00:17:54]}
{[%emt 00:01:29]} Rd4 {[%clk 00:43:02]} {[%emt 00:06:13]} 45. Nc4+ {[%clk
00:13:20]} {[%emt 00:05:04]} Kf6 {[%clk 00:43:25]} {[%emt 00:00:07]} 46. Kf4
{[%clk 00:13:20]} {[%emt 00:00:29]} Rd1 {[%clk 00:42:33]} {[%emt 00:01:23]} 47.
Ne3 {[%clk 00:13:39]} {[%emt 00:00:10]} Re1 {[%clk 00:42:24]} {[%emt 00:00:40]}
48. Ng4+ {[%clk 00:12:45]} {[%emt 00:01:24]} Ke7 {[%clk 00:41:46]} {[%emt
00:01:09]} 49. Ke5 {[%clk 00:12:39]} {[%emt 00:00:34]} a6 {[%clk 00:41:02]}
{[%emt 00:01:15]} 50. f6+ {[%clk 00:12:06]} {[%emt 00:01:03]} Kf8 {[%clk
00:40:41]} {[%emt 00:00:51]} 51. Kd5 {[%clk 00:08:37]} {[%emt 00:03:58]} Kf7
{[%clk 00:35:18]} {[%emt 00:05:54]} 52. Bf5 {[%clk 00:07:14]} {[%emt 00:01:52]}
b5 {[%clk 00:31:15]} {[%emt 00:04:35]} 53. axb5 {[%clk 00:06:11]} {[%emt
00:01:33]} axb5 {[%clk 00:31:44]} {[%emt 00:00:01]} 54. Kxc5 {[%clk 00:05:24]}
{[%emt 00:01:16]} Rf1 {[%clk 00:31:07]} {[%emt 00:01:07]} 55. Be4 {[%clk
00:05:01]} {[%emt 00:00:52]} Rf4 {[%clk 00:30:00]} {[%emt 00:01:37]} 56. Bd5+
{[%clk 00:05:22]} {[%emt 00:00:10]} Kg6 {[%clk 00:29:55]} {[%emt 00:00:35]} 57.
f7 {[%clk 00:05:44]} {[%emt 00:00:07]} Kg7 {[%clk 00:29:54]} {[%emt 00:00:32]}
58. Ne5 {[%clk 00:05:57]} {[%emt 00:00:17]} 1-0